Top 10 countries with the most refugees - Statistics

General Stats
  • This quiz has been taken 147 times
  • The average score is 7 of 10
Answer Stats
Number of refugees Continent Answer % Correct
1,683,580 Middle East Iraq
92%
184,602 Asia China
75%
387,288 Africa Sudan
71%
770,154 Africa Somalia
70%
3,054,710 Middle East Afghanistan
69%
395,577 South America Colombia
69%
476,693 Africa Democratic Republic of the Congo
69%
338,698 Asia Vietnam
56%
415,670 Asia Burma
44%
222,460 Africa Eritrea
40%
No matching quizzes found
Score Distribution
Percent of People with Each Score
Percentile by Number Answered
Your Score History
You have not taken this quiz